[Event "World Blitz 2018"]
[Site "St Petersburg RUS"]
[Date "2018.12.29"]
[Round "11.92"]
[White "Guimaraes, Diogo Duarte"]
[Black "Makarov, Marat"]
[Result "1-0"]
[WhiteTitle "FM"]
[BlackTitle "GM"]
[WhiteElo "2278"]
[BlackElo "2505"]
[WhiteFideId "2112450"]
[BlackFideId "4101103"]
[EventDate "2018.12.29"]
[EventType "blitz"]

1. e4 c5 2. Nf3 d6 3. Bb5+ Nd7 4. a4 Nf6 5. Nc3 e6 6. O-O Be7 7. e5 dxe5 8. Nxe5
O-O 9. d4 cxd4 10. Qxd4 Nxe5 11. Qxe5 a6 12. Bd3 Bd7 13. Bf4 Bc6 14. Rfd1 Nd7
15. Qh5 g6 16. Qh3 Bf6 17. Rab1 Bg7 18. Bh6 Qf6 19. Be4 Bxh6 20. Bxc6 bxc6 21.
Qxh6 Nc5 22. Qe3 Nb7 23. Rd7 Rab8 24. Rbd1 Na5 25. b3 h5 26. Ne4 Qe5 27. f4 Qf5
28. R7d4 Nb7 29. Qc3 e5 30. fxe5 Qxe5 31. Rf1 Kh8 32. Qe3 f5 33. Qh6+ Kg8 34.
Rd7 Rf7 35. Rxf7 Kxf7 36. Ng5+ Kf6 37. Nh7+ Kf7 38. Ng5+ Kf6 39. h4 Qd4+ 40. Rf2
Qxh4 41. Nh7+ Kf7 42. Qd2 Qe4 43. Ng5+ Kg7 44. Nxe4 1-0

[Event "World Blitz 2018"]
[Site "St Petersburg RUS"]
[Date "2018.12.29"]
[Round "11.97"]
[White "Perdomo, Carlos Andres"]
[Black "Kobo, Ori"]
[Result "0-1"]
[WhiteTitle "IM"]
[BlackTitle "GM"]
[WhiteElo "2301"]
[BlackElo "2494"]
[WhiteFideId "4400852"]
[BlackFideId "2812320"]
[EventDate "2018.12.29"]
[EventType "blitz"]

1. c4 b6 2. Nc3 Bb7 3. e4 Nf6 4. f3 e5 5. d4 exd4 6. Qxd4 Nc6 7. Qf2 Bb4 8. Ne2
O-O 9. a3 Bc5 10. Be3 Bxe3 11. Qxe3 Na5 12. Nd4 Re8 13. b4 Nc6 14. Nxc6 Bxc6 15.
Be2 Qe7 16. Qd4 a5 17. Rb1 axb4 18. axb4 Nh5 19. O-O Nf4 20. g3 Nxe2+ 21. Nxe2
f5 22. Nc3 fxe4 23. fxe4 Qe5 24. Qxe5 Rxe5 25. Rbd1 d6 26. Rf4 g5 27. Rf5 Rae8
28. Rxe5 Rxe5 29. Rd4 Re7 30. Kf2 Rf7+ 31. Ke2 Bd7 32. Nd5 Bg4+ 33. Ke1 Bf3 34.
Nc3 Kg7 35. Kd2 Bh5 36. Ke1 Bf3 37. Nd5 c5 38. Rd2 Bxe4 39. Nxb6 cxb4 40. Rxd6
b3 41. Na4 Ra7 42. Nc3 b2 43. Rb6 Ra1+ 44. Kd2 b1=Q 45. Nxb1 Bxb1 46. c5 Ra2+
47. Kc3 Be4 48. Kd4 Bf3 49. Rb3 g4 50. Rc3 Ra6 51. Ke5 Rc6 52. Kf4 Kf6 53. h3 h5
54. hxg4 hxg4 55. Rc4 Ke6 56. Rc3 Kd5 57. Rc2 Rxc5 58. Rd2+ Ke6 59. Rd4 Rf5+ 60.
Ke3 Ke5 61. Rb4 Kf6 62. Rb6+ Kg5 63. Rb8 Re5+ 64. Kd4 Re1 65. Rg8+ Kf6 66. Rf8+
Ke7 67. Rf4 Rg1 68. Ke5 Rxg3 69. Ra4 Kd7 70. Ra7+ Kc6 71. Kf4 Rg1 72. Ra3 Kd5
73. Ra5+ Kd4 74. Ra4+ Kd3 75. Ra3+ Ke2 76. Ra2+ Kd3 77. Ra3+ Kc4 78. Ra4+ Kb5
79. Ra2 Rc1 80. Kg3 Rc3 81. Kf4 Kc4 82. Ra4+ Kd3 83. Ra7 Ke2 84. Kg3 Rd3 85.
Re7+ Kf1 86. Ra7 Bd1+ 87. Kf4 g3 88. Ra1 g2 89. Ke4 Rd8 0-1

[Event "World Blitz 2018"]
[Site "St Petersburg RUS"]
[Date "2018.12.29"]
[Round "11.99"]
[White "khayat, Abdullah F"]
[Black "Alsulaymi, Abdullah M"]
[Result "0-1"]
[WhiteElo "1723"]
[BlackElo "1833"]
[WhiteFideId "21500460"]
[BlackFideId "21511390"]
[EventDate "2018.12.29"]
[EventType "blitz"]

1. d4 Nf6 2. Nf3 g6 3. g3 Bg7 4. Bg2 O-O 5. O-O d6 6. c3 Nbd7 7. Re1 e5 8. dxe5
dxe5 9. e4 a5 10. a4 Rb8 11. Bg5 h6 12. Bc1 Re8 13. Nbd2 Nc5 14. Qc2 Nd3 15. Re3
Nxf2 16. Kxf2 Ng4+ 17. Ke2 Nxe3 18. Kxe3 f5 19. exf5 Bxf5 20. Qb3+ Kh8 21. Nh4
Qd3+ 22. Kf2 e4 23. Nxf5 gxf5 24. Nc4 Rbd8 25. Be3 Qd5 26. Nd2 Qxb3 27. Nxb3 b6
28. Nd4 c5 29. Ne2 Rd6 30. Nf4 Red8 31. Bf1 Kh7 32. Be2 Be5 33. h3 Rg8 34. Rd1
Rxd1 35. Bxd1 Rd8 36. Be2 Rd6 37. h4 Kg7 38. Bc4 Rd1 39. Nh5+ Kg6 40. Nf4+ Bxf4
41. Bxf4 Rb1 42. Ke3 Rxb2 43. Be5 Rb1 44. Kf4 Ra1 45. h5+ Kh7 46. Bf7 Rxa4 47.
Kxf5 e3 48. Bg6+ Kg8 0-1

[Event "World Blitz 2018"]
[Site "St Petersburg RUS"]
[Date "2018.12.29"]
[Round "12.11"]
[White "Korobov, Anton"]
[Black "Demchenko, Anton"]
[Result "1-0"]
[WhiteTitle "GM"]
[BlackTitle "GM"]
[WhiteElo "2698"]
[BlackElo "2679"]
[WhiteFideId "14105730"]
[BlackFideId "4160258"]
[EventDate "2018.12.29"]
[EventType "blitz"]

1. d4 Nf6 2. c4 d6 3. Nf3 g6 4. Nc3 Bg7 5. e4 O-O 6. Be2 Na6 7. O-O e5 8. Be3 c6
9. d5 Ng4 10. Bg5 f6 11. Bh4 c5 12. Ne1 Nh6 13. Nc2 Nf7 14. a3 b6 15. b4 Bd7 16.
Rb1 Bh6 17. Bg4 Bg5 18. Bxd7 Qxd7 19. Bxg5 fxg5 20. Ne3 Kg7 21. Qa4 Qxa4 22.
Nxa4 h5 23. h3 Nh6 24. bxc5 Nxc5 25. Nxc5 bxc5 26. Rb7+ Rf7 27. Rfb1 Rf8 28. f3
Rxb7 29. Rxb7+ Rf7 30. Rb8 Rf8 31. Rb5 Ng8 32. a4 Nf6 33. a5 Rf7 34. a6 Nd7 35.
Rb7 Nb6 36. Kf2 Kf6 37. Ke2 Rxb7 38. axb7 Nd7 39. Nd1 Ke7 40. Nc3 a6 41. Na4 Kd8
42. Nb6 Nb8 43. Nc8 Kc7 44. Kd3 a5 45. Kc3 Na6 46. Kb3 Nb4 47. Nxd6 Nd3 48. Ka4
Ne1 49. Kxa5 Nxg2 50. Ka6 Kb8 51. Nf7 Nf4 52. Nxe5 1-0

[Event "World Blitz 2018"]
[Site "St Petersburg RUS"]
[Date "2018.12.29"]
[Round "12.24"]
[White "Kovalenko, Igor"]
[Black "Yudin, Sergei"]
[Result "1/2-1/2"]
[WhiteTitle "GM"]
[BlackTitle "GM"]
[WhiteElo "2657"]
[BlackElo "2507"]
[WhiteFideId "14117908"]
[BlackFideId "4159659"]
[EventDate "2018.12.29"]
[EventType "blitz"]

1. c4 e6 2. Nc3 d5 3. d4 c6 4. e4 Bb4 5. cxd5 exd5 6. e5 Ne7 7. Bd3 c5 8. a3 Ba5
9. Ne2 Nbc6 10. Bb5 cxd4 11. Nxd4 O-O 12. Bxc6 Nxc6 13. Nxc6 bxc6 14. O-O Re8
15. Bf4 Bc7 16. Re1 Rb8 17. b4 a5 18. Rb1 axb4 19. axb4 Ba6 20. Qf3 Bc4 21. Qg3
Qe7 22. h4 Kh8 23. Bg5 Qf8 24. Bf4 Rxb4 25. Rxb4 Qxb4 26. Rb1 Qa5 27. Rc1 Bb6
28. Nd1 Qe1+ 29. Kh2 h6 30. Nb2 Qxf2 31. Nxc4 dxc4 32. Rxc4 Qxg3+ 33. Kxg3 Bc7
34. Rxc6 Bxe5 35. Bxe5 1/2-1/2

[Event "World Blitz 2018"]
[Site "St Petersburg RUS"]
[Date "2018.12.29"]
[Round "12.49"]
[White "Jumabayev, Rinat"]
[Black "Khismatullin, Denis"]
[Result "1-0"]
[WhiteTitle "GM"]
[BlackTitle "GM"]
[WhiteElo "2602"]
[BlackElo "2621"]
[WhiteFideId "13702661"]
[BlackFideId "4142578"]
[EventDate "2018.12.29"]
[EventType "blitz"]

1. d4 Nf6 2. Bf4 d5 3. e3 e6 4. Nd2 Bd6 5. Bg3 b6 6. c3 Bb7 7. Bd3 c5 8. Ngf3
Nc6 9. Qe2 Bxg3 10. hxg3 Qc7 11. dxc5 bxc5 12. e4 O-O-O 13. O-O Kb8 14. Rfe1 h5
15. exd5 exd5 16. Ba6 Rhe8 17. Qf1 Ne4 18. Bxb7 Qxb7 19. Rad1 f5 20. Nh4 Ne7 21.
Qd3 a6 22. Qc2 g5 23. Nhf3 g4 24. Nh4 Rf8 25. c4 f4 26. Nxe4 dxe4 27. Rxd8+ Rxd8
28. gxf4 Rd4 29. g3 Qb4 30. Rxe4 Rd2 31. Qb3 Nc6 32. f5 Qxb3 33. axb3 Rd7 34.
Kg2 Kc7 35. Ng6 Rf7 36. Nh4 Nd4 37. b4 Kd6 38. bxc5+ Kxc5 39. f3 gxf3+ 40. Nxf3
Nxf5 41. Rf4 Ne3+ 42. Kh3 Rxf4 43. gxf4 Nxc4 44. b3 Na5 45. Nd2 Kd5 46. Kh4 Ke6
47. Kg5 h4 48. f5+ Kf7 49. Kxh4 Kf6 50. Kg4 Nc6 51. Ne4+ Ke5 52. Nc5 Ne7 53.
Nd7+ Kd6 54. Nf8 Nc6 55. Ne6 Na5 56. Nd4 Ke5 57. b4 Nc4 58. Nc6+ 1-0

[Event "World Blitz 2018"]
[Site "St Petersburg RUS"]
[Date "2018.12.29"]
[Round "12.51"]
[White "Amonatov, Farrukh"]
[Black "Fridman, Daniel"]
[Result "0-1"]
[WhiteTitle "GM"]
[BlackTitle "GM"]
[WhiteElo "2614"]
[BlackElo "2633"]
[WhiteFideId "14700077"]
[BlackFideId "11600454"]
[EventDate "2018.12.29"]
[EventType "blitz"]

1. Nf3 Nf6 2. g3 d5 3. Bg2 c5 4. O-O Nc6 5. d3 g6 6. Nbd2 Bg7 7. e4 O-O 8. c3 b6
9. Re1 e6 10. a3 Ba6 11. e5 Nd7 12. d4 cxd4 13. cxd4 f6 14. exf6 Qxf6 15. Nb3
Bc4 16. Be3 h6 17. Rc1 Rac8 18. Nbd2 Ba6 19. h4 Bd3 20. Qb3 Bf5 21. Qa4 Ndb8 22.
b4 Bd3 23. b5 Na5 24. Ne5 Bf5 25. Qb4 Rfd8 26. g4 Bc2 27. g5 Qf8 28. Qb2 Bf5 29.
Ndf3 h5 30. Rxc8 Rxc8 31. Rc1 Nc4 32. Nxc4 Rxc4 33. Ne5 Bxe5 34. dxe5 Qc8 35.
Bf1 Rc7 36. a4 Nd7 37. f4 Nc5 38. Qa3 Ne4 39. Rxc7 Qxc7 40. Qc1 Qxc1 41. Bxc1
Nc3 42. a5 d4 43. a6 d3 44. Be3 Nxb5 45. Kf2 Nc7 46. Ke1 Nxa6 47. Kd2 Nb4 48.
Bg2 Kf7 49. Kc3 Na6 50. Bb7 Nc7 51. Kc4 Ke7 52. Bc6 Kd8 53. Bd2 Kc8 54. Be3 Kb8
55. Kc3 b5 56. Kb4 a6 57. Kc5 Kc8 58. Kd6 b4 59. Bd7+ Kb8 60. Ba4 Nd5 61. Bd2
Nc3 62. Bb3 Ne4+ 0-1

[Event "World Blitz 2018"]
[Site "St Petersburg RUS"]
[Date "2018.12.29"]
[Round "12.68"]
[White "Sanal, Vahap"]
[Black "Gareyev, Timur"]
[Result "1/2-1/2"]
[WhiteTitle "GM"]
[BlackTitle "GM"]
[WhiteElo "2490"]
[BlackElo "2569"]
[WhiteFideId "6300545"]
[BlackFideId "14200937"]
[EventDate "2018.12.29"]
[EventType "blitz"]

1. e4 c5 2. Nf3 Nc6 3. d4 cxd4 4. Nxd4 Nf6 5. Nc3 d6 6. Bg5 Bd7 7. Qd2 Rc8 8.
O-O-O a6 9. Kb1 e6 10. f4 Be7 11. Nb3 b5 12. Bxf6 gxf6 13. h4 b4 14. Ne2 Qb6 15.
Rh3 a5 16. Nbd4 a4 17. g4 Na5 18. b3 Nb7 19. g5 Nc5 20. Re3 h6 21. gxh6 Bf8 22.
Ng3 Bxh6 23. Nh5 Ke7 24. Bc4 axb3 25. cxb3 Na4 26. Rc1 e5 27. Ne2 Nc3+ 28. Nxc3
bxc3 29. Rexc3 Bg4 30. Be2 Rxc3 31. Rxc3 Bxh5 32. Bxh5 Bxf4 33. Qd1 f5 34. exf5
Rg8 35. Kb2 e4 36. Qd5 Rg2+ 37. Ka3 Qa7+ 38. Kb4 Qb6+ 39. Kc4 Qa6+ 40. Kb4 Qb6+
41. Kc4 Qa6+ 42. Kb4 Qb6+ 43. Kc4 Qa6+ 44. Kb4 Qb6+ 45. Qb5 Qxb5+ 46. Kxb5 Kf6
47. a4 d5 48. a5 Ra2 49. Rc6+ Ke5 50. Bxf7 Bd2 51. Re6+ Kxf5 52. b4 Rb2 53. a6
Rxb4+ 54. Kc5 Ra4 55. Kxd5 Ra5+ 56. Kd4 Ra4+ 57. Kd5 Ra5+ 58. Kd4 Ra4+ 59. Kd5
Ra5+ 1/2-1/2

[Event "World Blitz 2018"]
[Site "St Petersburg RUS"]
[Date "2018.12.29"]
[Round "12.70"]
[White "Moiseenko, Vadim"]
[Black "Drygalov, Sergey"]
[Result "1-0"]
[WhiteTitle "GM"]
[BlackTitle "IM"]
[WhiteElo "2501"]
[BlackElo "2446"]
[WhiteFideId "4123700"]
[BlackFideId "24171743"]
[EventDate "2018.12.29"]
[EventType "blitz"]

1. e4 c5 2. Nf3 d6 3. d4 cxd4 4. Nxd4 Nf6 5. Nc3 a6 6. Be3 e5 7. Nf3 Be7 8. Bc4
Be6 9. Bb3 O-O 10. O-O Nc6 11. Qe2 Na5 12. Rfd1 Nxb3 13. axb3 Qc7 14. Bg5 Rac8
15. Ne1 Ng4 16. Nd5 Bxd5 17. Rxd5 Bxg5 18. Qxg4 Be7 19. Rad1 g6 20. h4 f5 21.
exf5 Rxf5 22. g3 Rcf8 23. R1d2 Qb6 24. Nd3 Kg7 25. Kg2 R8f7 26. Qe4 Bf8 27. b4
Qc6 28. c4 b5 29. b3 bxc4 30. bxc4 Qb7 31. Rc2 Kg8 32. c5 dxc5 33. bxc5 R5f6 34.
Nxe5 Re7 35. c6 Qc7 36. Qc4 Kg7 37. Nd7 Rff7 38. Qd4+ Kh6 39. Rcc5 Re2 40. Nxf8
Rxf8 41. Rd7 Rfxf2+ 42. Qxf2 Rxf2+ 43. Kxf2 Qb6 44. Rd5 Qb2+ 45. Kf3 Qb3+ 46.
Kf4 Qb4+ 47. Ke5 Qb2+ 48. Ke6 Qe2+ 49. Kd7 Qg4+ 50. Kd8 Qxg3 51. c7 Qxh4+ 52.
Kc8 a5 53. Kb8 Qf4 54. Ka8 a4 55. c8=Q Qf3 56. Qc6 Qf4 57. Rh5+ 1-0

[Event "World Blitz 2018"]
[Site "St Petersburg RUS"]
[Date "2018.12.29"]
[Round "12.77"]
[White "Vishnu Prasanna, V"]
[Black "Zaitsev, Alexander"]
[Result "1-0"]
[WhiteTitle "GM"]
[BlackTitle "GM"]
[WhiteElo "2518"]
[BlackElo "2473"]
[WhiteFideId "5030692"]
[BlackFideId "4164490"]
[EventDate "2018.12.29"]
[EventType "blitz"]

1. e4 e6 2. d4 d5 3. Nc3 Bb4 4. exd5 exd5 5. Qf3 Qe7+ 6. Qe3 Nc6 7. Ne2 Bf5 8.
Kd1 Be6 9. a3 Ba5 10. Nf4 Nf6 11. Bb5 O-O 12. Re1 Rfe8 13. Nxe6 fxe6 14. Bd2 Bb6
15. Bxc6 bxc6 16. Na4 Qf7 17. f3 e5 18. Nxb6 exd4 19. Qxd4 cxb6 20. Qd3 Qh5 21.
h3 Qh4 22. c3 Qf2 23. Kc2 Qxg2 24. Rg1 Qe2 25. Qd4 Qe5 26. Bh6 g6 27. Qd3 Qe2+
28. Bd2 Qxd3+ 29. Kxd3 Kf7 30. a4 Re5 31. b4 Rae8 32. Rae1 Rxe1 33. Bxe1 Re5 34.
Bf2 Rf5 35. Ke2 Re5+ 36. Kd2 Nh5 37. a5 bxa5 38. bxa5 a6 39. Rb1 Nf4 40. Be3
Nxh3 41. Rb6 h5 42. Rxa6 g5 43. Ra7+ Kg6 44. a6 Re8 45. Rb7 Ra8 46. a7 d4 47.
Bxd4 Nf4 48. Rb8 1-0

[Event "World Blitz 2018"]
[Site "St Petersburg RUS"]
[Date "2018.12.30"]
[Round "13.11"]
[White "Smirin, Ilia"]
[Black "Jobava, Baadur"]
[Result "0-1"]
[WhiteTitle "GM"]
[BlackTitle "GM"]
[WhiteElo "2609"]
[BlackElo "2627"]
[WhiteFideId "2801990"]
[BlackFideId "13601520"]
[EventDate "2018.12.29"]
[EventType "blitz"]

1. e4 c6 2. d4 d5 3. exd5 cxd5 4. Nf3 Nc6 5. Ne5 e6 6. Bb5 Bd7 7. Nxd7 Qxd7 8.
c3 Bd6 9. Nd2 Nge7 10. O-O O-O 11. f4 Qc7 12. g3 Nf5 13. Nf3 Be7 14. Bd3 Nd6 15.
Qe2 Rae8 16. Ne5 Bd8 17. Bd2 f5 18. Rae1 Bf6 19. Kg2 Ne4 20. Bxe4 dxe4 21. Be3
Rc8 22. Rc1 Rfd8 23. Rfd1 Qa5 24. a3 Qa4 25. c4 h6 26. h4 Kh7 27. Qh5 Bxe5 28.
fxe5 Na5 29. Bxh6 Qe8 30. Qxe8 Rxe8 31. Bf4 Nxc4 32. Kh3 Nxb2 33. Rxc8 Rxc8 34.
Rb1 Rc2 35. d5 exd5 36. e6 Kg8 37. Be5 Nd3 38. Rxb7 Nxe5 39. Rb8+ Kh7 40. e7 Ng4
41. Rh8+ 0-1

[Event "World Blitz 2018"]
[Site "St Petersburg RUS"]
[Date "2018.12.30"]
[Round "13.35"]
[White "Ponkratov, Pavel"]
[Black "Salgado Lopez, Ivan"]
[Result "1/2-1/2"]
[WhiteTitle "GM"]
[BlackTitle "GM"]
[WhiteElo "2630"]
[BlackElo "2629"]
[WhiteFideId "4157800"]
[BlackFideId "2257327"]
[EventDate "2018.12.29"]
[EventType "blitz"]

1. Nf3 d5 2. c4 dxc4 3. Na3 Nf6 4. Nxc4 c5 5. g3 Nc6 6. Bg2 g6 7. O-O Bg7 8. Rb1
O-O 9. a3 Be6 10. d3 Rc8 11. b4 cxb4 12. axb4 b5 13. Ne3 Nd5 14. Nxd5 Bxd5 15.
Bb2 e5 16. Ba1 Qe7 17. Qd2 Rfd8 18. Qb2 Bxf3 19. Bxf3 Nd4 20. Qa3 Nxf3+ 21. exf3
Qb7 22. Kg2 Rd5 23. Rbc1 Rcd8 24. Rfd1 R5d6 25. Qa5 R8d7 26. Re1 Rxd3 27. Re4 h5
28. Qa2 Rxf3 29. Kxf3 Rd3+ 30. Kg2 Qxe4+ 31. Kg1 Qf3 32. Qxa7 h4 33. Qc7 h3 34.
Qc8+ Bf8 35. Qxh3 Rd1+ 36. Rxd1 Qxd1+ 37. Qf1 Qxf1+ 38. Kxf1 Bxb4 39. Bxe5 Bc5
40. Ke2 f5 41. f3 Kf7 42. Kd3 Ke6 43. Bb2 Kd5 44. g4 fxg4 1/2-1/2

[Event "World Blitz 2018"]
[Site "St Petersburg RUS"]
[Date "2018.12.30"]
[Round "13.38"]
[White "Tang, Andrew"]
[Black "Tari, Aryan"]
[Result "1/2-1/2"]
[WhiteTitle "GM"]
[BlackTitle "GM"]
[WhiteElo "2487"]
[BlackElo "2620"]
[WhiteFideId "2059630"]
[BlackFideId "1510045"]
[EventDate "2018.12.29"]
[EventType "blitz"]

1. d4 d5 2. Bf4 c5 3. e3 cxd4 4. exd4 Nc6 5. Nf3 Bg4 6. Nbd2 e6 7. c3 Bd6 8.
Bxd6 Qxd6 9. Be2 Nge7 10. O-O O-O 11. h3 Bh5 12. Ne5 Bxe2 13. Qxe2 Nxe5 14. dxe5
Qc7 15. Rfe1 Nc6 16. Nf3 h6 17. Rad1 a6 18. Qe3 b5 19. Nh2 Ne7 20. Qf4 f5 21.
Nf3 Nc6 22. Qe3 Rac8 23. Kh1 f4 24. Qd3 Rf5 25. Qb1 Nxe5 26. Nd4 Rf6 27. f3 Qd6
28. Re2 Nc4 29. Qd3 Ne3 30. Rde1 Rcf8 31. Nc2 Nf5 32. Kh2 Rg6 33. Nd4 Nh4 34.
Nxe6 Re8 35. Nd4 Re3 36. Qd2 Qe5 37. Kh1 Rxg2 38. Rxg2 Rxe1+ 39. Rg1 Rxg1+ 40.
Kxg1 Qg5+ 41. Kh1 Qg3 42. Qh2 Kf7 43. Qxg3 fxg3 44. Ne2 Nxf3 45. Nxg3 Ke6 46.
Kg2 Nd2 47. Ne2 Nc4 48. b3 Ne3+ 49. Kf3 Nf5 50. Nf4+ Ke5 51. Nd3+ Kd6 52. Kf4 g6
53. Ne5 Ne7 54. Nf7+ Ke6 55. Nxh6 Nc6 56. Ng4 d4 57. cxd4 Nxd4 58. Ke4 Nc6 59.
Ne3 Nb4 60. a3 Nc6 61. Nd5 Kd6 62. Nf4 Ne7 63. Nd3 Nd5 64. Kd4 Ne7 65. b4 Nc6+
66. Ke4 a5 67. bxa5 Nxa5 68. Ne5 g5 69. Nf7+ Ke7 70. Ne5 Ke6 71. Nf3 1/2-1/2

[Event "World Blitz 2018"]
[Site "St Petersburg RUS"]
[Date "2018.12.30"]
[Round "13.47"]
[White "Ragger, Markus"]
[Black "Maslak, Konstantin"]
[Result "0-1"]
[WhiteTitle "GM"]
[BlackTitle "GM"]
[WhiteElo "2687"]
[BlackElo "2555"]
[WhiteFideId "1610856"]
[BlackFideId "4130901"]
[EventDate "2018.12.29"]
[EventType "blitz"]

1. e4 d6 2. d4 Nf6 3. Bd3 g6 4. Nf3 Bg7 5. O-O O-O 6. c3 Nc6 7. h3 e5 8. Re1 h6
9. Na3 a6 10. Nc2 b6 11. a4 Bb7 12. b4 Re8 13. Bb2 Qe7 14. d5 Nb8 15. a5 b5 16.
c4 bxc4 17. Bxc4 Nbd7 18. Bb3 Nh5 19. Ba4 Nf4 20. Ne3 Rec8 21. Bc6 Bxc6 22. dxc6
Nf6 23. Nd5 N6xd5 24. exd5 Rcb8 25. Qd2 Qf6 26. Ra3 Rb5 27. Rxe5 dxe5 28. Bxe5
Rxd5 29. Bxf6 Rxd2 30. Nxd2 Bxf6 31. Rf3 Be5 32. Nc4 f6 33. Re3 Re8 34. Re4 g5
35. Kf1 Nd5 36. g3 Rb8 37. Nxe5 fxe5 38. Rxe5 Nxb4 39. Re6 Rb5 40. Rxh6 Rxa5 41.
Rg6+ Kf7 42. Rh6 Kg7 43. Re6 Kf7 44. Rh6 Ke7 45. Kg2 Rc5 46. Rh7+ Kd6 47. Rh6+
Kd5 48. Rg6 Kd4 49. f4 gxf4 50. gxf4 Rxc6 51. f5 Rxg6+ 52. fxg6 Nd5 53. Kg3 Ke5
54. h4 Kf6 55. h5 a5 56. Kf3 a4 57. Ke4 a3 58. Kd4 0-1

[Event "World Blitz 2018"]
[Site "St Petersburg RUS"]
[Date "2018.12.30"]
[Round "13.48"]
[White "Demidov, Mikhail"]
[Black "Esipenko, Andrey"]
[Result "1/2-1/2"]
[WhiteTitle "IM"]
[BlackTitle "GM"]
[WhiteElo "2520"]
[BlackElo "2593"]
[WhiteFideId "4197143"]
[BlackFideId "24175439"]
[EventDate "2018.12.29"]
[EventType "blitz"]

1. b3 d5 2. Bb2 Bf5 3. e3 e6 4. Nf3 Nf6 5. Be2 h6 6. c4 c6 7. O-O Nbd7 8. cxd5
cxd5 9. Nc3 a6 10. Rc1 Bd6 11. d3 Bh7 12. Re1 O-O 13. Bf1 Rc8 14. a3 Qe7 15. b4
Rc7 16. e4 dxe4 17. dxe4 Ng4 18. Nb1 Rxc1 19. Qxc1 Nge5 20. Nbd2 Qd8 21. Nxe5
Nxe5 22. Nc4 Nxc4 23. Qxc4 Qg5 24. e5 Bb8 25. Qc3 Ba7 26. Rd1 Be4 27. Bc1 Qf5
28. Be3 Bxe3 29. Qxe3 Bd5 30. h3 Rc8 31. Bd3 Qh5 32. Be2 Qg5 33. Qxg5 hxg5 34.
Bf3 Bxf3 35. gxf3 Rc3 36. Kg2 b5 37. Kg3 Rxa3 38. Rd6 Kh7 39. Rb6 Kg6 40. Kg4
Ra4 41. Kg3 Kf5 42. Rb7 Rxb4 43. Rxf7+ Kxe5 44. Rxg7 Kf6 45. Ra7 Ra4 46. f4
gxf4+ 47. Kg4 b4 48. h4 a5 49. h5 b3 50. h6 Ra1 51. h7 Rh1 52. Rxa5 Rxh7 53. Rb5
Rg7+ 54. Kxf4 Rg2 55. Kf3 Rh2 56. Ke4 1/2-1/2

[Event "World Blitz 2018"]
[Site "St Petersburg RUS"]
[Date "2018.12.30"]
[Round "13.49"]
[White "Van Foreest, Jorden"]
[Black "Tukhaev, Adam"]
[Result "1/2-1/2"]
[WhiteTitle "GM"]
[BlackTitle "GM"]
[WhiteElo "2614"]
[BlackElo "2527"]
[WhiteFideId "1039784"]
[BlackFideId "14109476"]
[EventDate "2018.12.29"]
[EventType "blitz"]

1. c4 g6 2. Nf3 Bg7 3. g3 c5 4. Bg2 Nc6 5. O-O e5 6. Nc3 Nge7 7. a3 O-O 8. d3 d6
9. Rb1 a5 10. Ne1 Be6 11. Nc2 Rb8 12. b4 axb4 13. axb4 cxb4 14. Nxb4 Nxb4 15.
Rxb4 d5 16. cxd5 Nxd5 17. Nxd5 Bxd5 18. Rb5 Bxg2 19. Kxg2 Qd7 20. Qb3 h5 21. h4
Qc6+ 22. Kg1 e4 23. Rb6 Qc3 24. dxe4 Qxb3 25. Rxb3 Rfe8 26. Rb4 Bc3 27. Rb3 Bd4
28. Bf4 Rbc8 29. e3 Bc5 30. e5 b6 31. Kg2 Red8 32. Rc1 Rc6 33. Kf3 Re6 34. Bg5
Rd5 35. Bf6 Kh7 36. Ke4 Rd2 37. Kf3 Rd7 38. Rc2 Be7 39. Bxe7 Rdxe7 40. Rcb2 Rxe5
41. Rxb6 Rf5+ 42. Kg2 Rd7 43. Rc6 Kg7 44. Rbc2 Rf6 45. Rc8 Ra7 46. Rb8 Rf5 47.
Re8 Ra4 48. e4 Rb5 49. Re7 Rb6 50. Rcc7 Rf6 51. e5 Rf5 52. e6 Re4 53. Rxf7+ Rxf7
54. exf7 Re6 55. Kf3 Rf6+ 56. Ke3 Re6+ 57. Kf3 Rf6+ 58. Kg2 Re6 59. f4 Ra6 60.
Kf3 Ra3+ 61. Kf2 Ra2+ 62. Kf3 Ra3+ 63. Kg2 Ra2+ 64. Kh3 Ra3 65. Re7 Rb3 66. Kg2
Rb2+ 67. Kf3 Rb3+ 68. Kf2 Rb2+ 69. Kg1 Rb1+ 70. Kg2 Rb2+ 71. Kh3 Rb3 72. Ra7 Rc3
73. Kg2 Rc2+ 74. Kf3 Rc3+ 75. Kg2 Rc2+ 76. Kh3 Rc3 77. Ra5 Kxf7 78. Rg5 Kf6 79.
Ra5 Rb3 80. Rd5 Ra3 81. Kg2 Ra2+ 82. Kf3 Ra3+ 83. Kf2 Ra2+ 84. Ke3 Ra3+ 85. Rd3
Ra1 86. Rb3 Ra4 87. Rb6+ Kf5 88. Rb5+ Kf6 89. Rd5 Ra3+ 90. Rd3 Ra4 91. Rc3 Rb4
92. Kf3 Rb1 93. Rc6+ Kf5 94. Rc5+ Kf6 95. Rc8 Rb3+ 96. Kg2 Rb2+ 97. Kh3 Rb3 98.
Rf8+ Kg7 99. Re8 Kf6 100. Kg2 Rb2+ 101. Kf3 Rb3+ 102. Re3 Rb1 103. Ra3 Rb4 104.
Ke3 Rb1 105. Ke4 Re1+ 106. Kd5 Rd1+ 107. Kc6 Rc1+ 108. Kd7 Kf7 109. Rd3 Ra1 110.
Kd6 Kf6 111. Kc7 Kf5 112. Kd7 Re1 113. Rd5+ Kf6 114. Kd8 Re3 115. Rg5 Rd3+ 116.
Kc7 Rc3+ 117. Kd6 Rd3+ 118. Kc5 Rc3+ 119. Kd4 Ra3 120. Ke4 Ra4+ 121. Kf3 Ra3+
122. Kg2 Ra2+ 123. Kg1 Ra1+ 124. Kh2 Ra2+ 125. Kh3 Ra3 126. Rb5 Rc3 127. Rd5 Ra3
128. Kg2 Ra2+ 129. Kf3 Ra3+ 130. Kf2 Ra2+ 131. Ke3 Ra3+ 132. Rd3 Ra1 133. Ke4
Ra4+ 134. Rd4 Ra6 135. Rc4 Rb6 136. Rc5 Rb4+ 137. Kd3 Rb3+ 138. Ke4 Rxg3 139.
Rc6+ Kf7 140. f5 Rg4+ 141. Ke5 gxf5 142. Kxf5 Rxh4 1/2-1/2

[Event "World Blitz 2018"]
[Site "St Petersburg RUS"]
[Date "2018.12.30"]
[Round "13.73"]
[White "Alekseenko, Kirill"]
[Black "Zubritskiy, Artyom"]
[Result "1/2-1/2"]
[WhiteTitle "GM"]
[BlackTitle "IM"]
[WhiteElo "2638"]
[BlackElo "2442"]
[WhiteFideId "4135539"]
[BlackFideId "4181247"]
[EventDate "2018.12.29"]
[EventType "blitz"]

1. e4 c5 2. Nf3 e6 3. d4 cxd4 4. Nxd4 a6 5. Nc3 Qc7 6. Be2 b5 7. O-O Bb7 8. Re1
Nf6 9. Bf3 d6 10. a4 b4 11. Nd5 exd5 12. exd5+ Kd8 13. Bg5 Nd7 14. Nc6+ Bxc6 15.
dxc6 Nc5 16. Qd4 Be7 17. Qxb4 Ne6 18. Be3 Rb8 19. Qc4 Qa5 20. c3 Nc7 21. b4 Qf5
22. Ba7 Ra8 23. Bb6 Rc8 24. b5 d5 25. Qd4 Bd6 26. c4 Re8 27. Rxe8+ Nxe8 28. Re1
Qf4 29. Qxf4 Bxf4 30. cxd5 axb5 31. axb5 Nd6 32. Be2 Rb8 33. Ba5 Ra8 34. Ra1 Kc8
35. b6 Be5 36. b7+ Nxb7 37. cxb7+ Kxb7 38. Rb1+ Kc8 39. Bd2 Kd7 40. g3 Ra2 41.
Bg4+ Kd6 42. Bb4+ Kxd5 43. Bf3+ Kc4 44. Be1 Ra1 45. Rxa1 Bxa1 46. Kg2 Ne6 47.
Be2+ Kd5 48. h4 g6 49. Bf3+ Ke5 50. Ba5 Kf6 51. Bd5 Be5 52. Kf3 Bb2 53. g4 Kg7
54. Ke4 Nc5+ 55. Ke3 Ne6 56. Ke4 Nc5+ 57. Kf3 Ne6 58. Ba2 Bd4 59. Bd2 Kf6 60.
Ke4 Bxf2 61. Bc3+ Ke7 62. h5 gxh5 63. gxh5 Bh4 64. Kf5 h6 65. Bb4+ Kd7 66. Bd2
Bg5 67. Bb4 Bc1 68. Bc3 Bg5 69. Be5 Nd8 70. Bf6 Ne6 71. Bxg5 Nxg5 72. Kf6 Ne4+
73. Kxf7 1/2-1/2